Chicago Bulls Quiz - Statistics

General Stats
  • This quiz has been taken 74 times
  • The average score is 9 of 15
Answer Stats
Hint Answer HINT % Correct
When was the last Chicago Bulls NBA title? 1998 N/A
97%
How many NBA titles have the Chicago Bulls won? 6 N/A
95%
Who was Michael Jordan's sidekick? Scottie Pippen N/A
89%
Who on the Bulls didn't start playing basketball until 21 and led the franchise in rebounds? Dennis Rodman N/A
86%
Who on the Chicago Bulls played in the MLB in their career? Michael Jordan N/A
86%
Who is the youngest MVP and player for the bulls? Derrick Rose N/A
80%
What is a common nickname for Dennis Rodman? The Worm N/A
68%
Which Chicago Bulls player had a career year in 2022 and was named the "King of the Fourth Quarter?" Demar Derozan N/A
67%
Who is the current coach of the 2022 Chicago Bulls? Billy Donovan N/A
50%
Who is Michael Jordans #1 rival and frienemy? Isiah Thomas N/A
47%
Who in the Chicago Bulls 2000's decade is known for their defense and horrendous shot form? Joakim Noah N/A
45%
What is the name of the arena the Chicago Bulls play in? United Center N/A
45%
Who is the greatest Bulls player of all time? (HINT: CURRENT PLAYER) Alex Caruso N/A
32%
What seed placement did the Chicago Bulls place in the Eastern Conference in the 2021-2022 NBA season? 6th N/A
27%
What is a catchphrase common in the 1990's referring to Micheal Jordan Like Mike N/A
3%
No matching quizzes found
Score Distribution
Percent of People with Each Score
Percentile by Number Answered
Your Score History
You have not taken this quiz